| 000 | 00630nam a2200205 a 4500 | ||
|---|---|---|---|
| 005 | 20140310183345.0 | ||
| 008 | 070209s19uu xx 00 eng d | ||
| 020 | _a0321432061 | ||
| 050 |
_aQA 76.9.H85 _b.Sa24 2007 |
||
| 100 | _aSaffer, Dan | ||
| 245 |
_aDesigning for interaction : _bcreating smart applications and clever devices / |
||
| 260 |
_aBerkeley, California : _bNew Riders, _c2007. |
||
| 300 |
_a231 p. : _bcol. ill. ; _c23 cm. |
||
| 521 | _aIT | ||
| 650 | _aHuman Computer interaction. | ||
| 650 | _aUser interfaces (Computer Systems). | ||
| 650 | _aSystems design. | ||
| 942 |
_cBK _2lcc _kFOR |
||
| 999 |
_c21937 _d21937 |
||